|
书名:
|
现代英语第三级 读与写
|
|
|
作者:
|
戈史密斯编
|
|
出版信息:
|
北京
高等教育出版社
1987.07
|
|
开本页数:
|
26cm 
80页
|
|
丛书名:
|
|
|
单 册:
|
|
|
中图分类:
|
H319
,
H3
|
|
科图分类:
|
|
|
主题词:
|
外语--常用
|
|
电子资源:
|
|
|
ISBN:
|
|
|
000
|
00537nam0 2200205 45
|
|
001
|
0198402338
|
|
005
|
20060309214944.75
|
|
010
|
|
@dCNY1.10
|
|
100
|
|
@a19980219d1987 km y0chiy0120 ea
|
|
101
|
0
|
@achi
|
|
102
|
|
@aCN@b110000
|
|
200
|
1
|
@Axian dai ying yu@FGE SHI MI SI BIAN@a现代英语@h第三级@i读与写@f戈史密斯编
|
|
210
|
|
@a北京@c高等教育出版社@d1987.07
|
|
215
|
|
@a80页@c无图表@d26cm
|
|
517
|
1
|
@a读与写@Adu yu xie
|
|
606
|
0
|
@a外语@x常用
|
|
690
|
|
@aH319@v4
|
|
690
|
|
@aH3@v3
|
|
801
|
0
|
@c20060309
|
|
905
|
|
@a10447@dH3@e399
|
|
|
|
|
| |
| 现代英语.第三级.读与写/戈史密斯编.-北京:高等教育出版社,1987.07 |
| 80页:无图表;26cm |
| |
| |
| ISBN :CNY1.10 |
| |
| ● |
正题名:现代英语
索取号:H3/399
 
预约/预借
| 序号
|
登录号
|
条形码
|
馆藏地/架位号
|
状态
|
备注
|
|
1
|
79917
|
200799172
|
海科密-1楼/26架13列4层/
[索取号:H3/399]
|
在馆
|
|